Practical tips for working in the nursing shortage.

Kelsey Landrum, RN, discusses practical tips for working during the nursing shortage, including workload management strategies, prioritizing patient care, and the importance of self-care.

Bibliographic Details
Other Authors: Landrum, Kelsey (practitioner.)
Format: Video
Language:English
Language Notes:Closed-captions in English.
Published: London : SAGE Publications, Ltd., 2024.
Series:Nursing in a pandemic affected world ; 2.
Subjects:
Online Access:Connect to this streaming video

MARC

Tag First Indicator Second Indicator Subfields
LEADER 00000ngm a2200000Mi 4500
001 in00005514421
006 m o d
007 cr un|||||||||
007 vz |za|||
008 240130s2024 enk018 f o vleng d
005 20241105202942.6
035 |a (OCoLC)on1420381942 
040 |a SGPBL  |b eng  |e rda  |e pn  |c SGPBL  |d OCLCO 
020 |a 9781529688047  |q Sage Video 
020 |a 1529688043 
035 |a (OCoLC)1420381942 
041 0 |j eng 
050 4 |a RT82  |b .P73 2024 
082 0 4 |a 338.4761073 
049 |a TXAM 
245 0 0 |a Practical tips for working in the nursing shortage. 
264 1 |a London :  |b SAGE Publications, Ltd.,  |c 2024. 
300 |a 1 online resource (1 video file (00:17:57)) :  |b sound, colour. 
336 |a two-dimensional moving image  |b tdi  |2 rdacontent 
337 |a computer  |b c  |2 rdamedia 
337 |a video  |b v  |2 rdamedia 
338 |a online resource  |b cr  |2 rdacarrier 
490 1 |a Nursing in a pandemic affected world ;  |v 2 
511 0 |a Practitioner, Kelsey Landrum RN. 
520 8 |a Kelsey Landrum, RN, discusses practical tips for working during the nursing shortage, including workload management strategies, prioritizing patient care, and the importance of self-care. 
546 |a Closed-captions in English. 
588 |a Description based on XML content. 
650 0 |a Nursing  |x Practice. 
650 0 |a COVID-19 Pandemic, 2020-  |x Influence. 
650 0 |a Nurses  |x Workload. 
650 0 |a Nurses  |x Supply and demand. 
650 6 |a Soins infirmiers  |x Pratique. 
650 6 |a Infirmières  |x Charge de travail. 
700 1 |a Landrum, Kelsey,  |e practitioner. 
830 0 |a Nursing in a pandemic affected world ;  |v 2. 
856 4 0 |u http://proxy.library.tamu.edu/login?url=https://sk.sagepub.com/video/practical-tips-for-working-in-the-nursing-shortage  |z Connect to this streaming video  |t 0 
955 |a SAGE Knowledge Video Nursing 2024 Update 
994 |a 92  |b TXA 
999 f f |s 6f380a25-51fe-4d1a-ae37-aa513b099327  |i ed915e18-6ce8-47e7-a693-49652a12d805  |t 0 
952 f f |a Texas A&M University  |b College Station  |c Electronic Resources  |d Available Online  |t 0  |e RT82 .P73 2024  |h Library of Congress classification 
998 f f |a RT82 .P73 2024  |t 0  |l Available Online